000 00811nam a2200241Ia 4500
003 GCL
008 140319s9999 xx 000 0 ara d
040 _aGCL /
_cGCL
082 0 4 _aق
_b962.16
_bم ق
100 1 _aمحمد توفيق عويضة (اشراف)
245 1 0 _aالقاهرة والحضارة والاسلام فى افريقيا /
_cمحمد توفيق عويضة (اشراف)
700 1 _aمحمد المعتصم سيد
260 _a[S.N] :
_bالمجلس الاعلى للشئون الاسلامية ،
_c1965
490 _a
650 0 4 _aمصر
650 0 4 _aتاريخ
650 0 4 _aافريقيا
650 0 4 _aالحضارة الاسلامية
650 0 4 _aالقاهرة
650 0 4 _aالازهر (جامع)
650 0 4 _aالكشوف الجغرافية
942 _2ddc
_cBK
999 _c36246
_d36246